000 00612nam a2200241Ia 4500
003 OSt
005 20220912153106.0
006 a|||||r|||| 00| 0
007 ta
008 220909b |||||||| |||| 00| 0 eng d
024 _a21890
037 _cTextual
040 _aCSL
_beng
_cCSL
041 _aeng
082 _aB316z7, K8
100 _aAuslander Joseph Ed.
245 0 _aTopological dynamics
260 _c1968
300 _ap.
_ccm.
700 _a Gottschalk Walter H Ed.
942 _hB316z7, K8
_cTEXL
_2CC
999 _c97865
_d97865